Catalog

Record Details

Catalog Search



Čáry, kouzla, iluze : učebnice iluzionisty Cover Image Book Book

Čáry, kouzla, iluze : učebnice iluzionisty

Record details

  • ISBN: 80-900284-1-1
  • Physical Description: 61 s. : il. ; 21 cm
  • Edition: 1. vyd.
  • Publisher: Praha : OKO, 1991
Subject: kouzelnictví
kouzla
Genre: příručky

Available copies

  • 1 of 1 copy available at Common Catalog SPOK.

Holds

  • 0 current holds with 1 total copy.
Show Only Available Copies
Location Call Number / Copy Notes Barcode Shelving Location Status Due Date
Jabok Library Ped-9.3 424480019644 Odborná literatura Available -

LDR 01014nam a2200337 a 4500
0011503
003CZ-PrJAB
00520160108103358.0
007ta
008001214s1991 xr ||||||||||u||| ||cze||
020 . ‡a80-900284-1-1 ‡q(brož.)
035 . ‡a(CZ PrSKC)kpw01197663
040 . ‡aZLG001 ‡bcze
072 7. ‡a793.8 ‡xZábavná magie ‡2Konspekt ‡93
080 . ‡a793/794
24500. ‡aČáry, kouzla, iluze : ‡bučebnice iluzionisty
250 . ‡a1. vyd.
260 . ‡aPraha : ‡bOKO, ‡c1991
300 . ‡a61 s. : ‡bil. ; ‡c21 cm
65007. ‡akouzelnictví ‡7ph171151 ‡2czenas
65007. ‡akouzla ‡7ph114993 ‡2czenas
655 7. ‡apříručky ‡7fd133209 ‡2czenas
910 . ‡aABG312
901 . ‡a1503 ‡bUnknown ‡c1503 ‡tbiblio

Additional Resources